| 000 | 00368nam a2200145Ia 4500 | ||
|---|---|---|---|
| 008 | 240624s9999 xx 000 0 und d | ||
| 041 | _aeng | ||
| 082 | _a338.9 BLA | ||
| 100 | _aBLAKELY EDWARD J | ||
| 245 | _aPLANNING LOCAL ECONOMIC DEVELOPMENT THEO | ||
| 250 | _a(3rd ed.) | ||
| 260 |
_c2004 _aNew Delhi _bVistaar Publication |
||
| 300 | _axvii, : 398 | ||
| 365 | _cRS | ||
| 999 |
_c1056 _d1056 |
||